000 00785nam a2200265Ia 4500
003 OSt
005 20221006155900.0
006 a|||||r|||| 00| 0
007 ta
008 221006b |||||||| |||| 00| 0 eng d
020 _a9780521699327
_c¥4282
024 _a43,734
037 _bGift, Japan Foundation
_cTextual
040 _aEASL
_cEASL
_beng
041 _2eng
_aeng
082 _aX:5v42.N9, P9
100 _aFrancks Penelope
_9660396
245 0 _aJapanese consumer
_b An alternative economic history of modern Japan
260 _aCambridge
_bCambridge University Press
_c2009
300 _a261p.
_ccm.
490 _v JEL
650 _aJEL
942 _hX:5v42.N9, P9
_cTEXL
_2CC
999 _c1111826
_d1111826